Singers/Artists - Statistics

General Stats
  • This quiz has been taken 35 times
  • The average score is 6 of 16
Answer Stats
Picture Answer % Correct
Lana del rey
73%
avril lavigne
70%
bts
70%
chappell roan
67%
mitski
55%
charli xcx
45%
girl in red
45%
Fiona apple
33%
evanescence
27%
wave to earth
27%
deftones
21%
radiohead
21%
d4vd
12%
slowdive
9%
Adrianne lenker
6%
Alex g
6%
No matching quizzes found
Score Distribution
Percent of People with Each Score
Percentile by Number Answered
Your Score History
You have not taken this quiz